000 00679nam a2200265Ia 4500
003 OSt
005 20221006142615.0
006 a|||||r|||| 00| 0
007 ta
008 221006b |||||||| |||| 00| 0 eng d
020 _c372.91
024 _a6,738
037 _cTextual
040 _aEASL
_cEASL
_beng
041 _2eng
_aeng
082 _aY150aQ.1, M9
100 _aCarmody Denise Lardner
_9647979
245 0 _aWomen and world religions
250 _aEd 2
260 _aNew Jersey
_bPrentice Hall
_c1989
300 _a254p.
_ccm.
490 _v Oth
942 _hY150aQ.1, M9
_cTEXL
_2CC
999 _c1074824
_d1074824